Hoá học vô cơ : Dùng cho sinh viên các trường đại học, cao đẳng và giáo viên THPT, THCS chuyên ngành hoá... Tập 1 Các nguyên tố phi kim

Trình bày tổng quan về nguyên tố phi kim, hidro và các hợp chất hidrua, oxi, ozon, các hợp chất H2O, H2O2, các oxit, các nguyên tố nhóm VIIIA, nhóm VIA, nhóm VA, nhóm IVA, nhóm IIIA

Guardado en:
Detalles Bibliográficos
Autor principal: Nguyễn Đức Vận
Formato: Libro
Lenguaje:Vietnamese
Publicado: H. Khoa học và Kỹ thuật 2008
Etiquetas: Agregar Etiqueta
Sin Etiquetas, Sea el primero en etiquetar este registro!
Thư viện lưu trữ: Thư viện Trường Đại học Nam Cần Thơ
LEADER 01426aam a22002058a 4500
001 NCT_4467
008 080926s2008 ||||||viesd
999 |c 225  |d 225 
020 |c 118000 
082 0 4 |2 23rd ed.  |a 546  |b V121/T.1 
100 1 |a Nguyễn Đức Vận 
245 1 0 |a Hoá học vô cơ :  |b Dùng cho sinh viên các trường đại học, cao đẳng và giáo viên THPT, THCS chuyên ngành hoá...  |n Tập 1  |p Các nguyên tố phi kim  |c Nguyễn Đức Vận 
260 |a H.  |b Khoa học và Kỹ thuật  |c 2008 
300 |a 351tr.  |b hình vẽ, bảng  |c 27cm 
520 3 |a Trình bày tổng quan về nguyên tố phi kim, hidro và các hợp chất hidrua, oxi, ozon, các hợp chất H2O, H2O2, các oxit, các nguyên tố nhóm VIIIA, nhóm VIA, nhóm VA, nhóm IVA, nhóm IIIA 
942 |2 ddc  |c BK 
952 |0 0  |1 0  |2 ddc  |4 0  |6 546_000000000000000_V121_T_1  |7 0  |9 1708  |a 000001  |b 000001  |d 2017-10-18  |o 546 V121/T.1  |p MD.01425  |r 2017-10-18  |v 118000.00  |w 2017-10-18  |y BK 
952 |0 0  |1 0  |2 ddc  |4 0  |6 546_000000000000000_V121_T_1  |7 0  |9 1709  |a 000001  |b 000001  |d 2017-10-18  |l 1  |o 546 V121/T.1  |p MD.01426  |r 2017-11-25  |s 2017-11-14  |v 118000.00  |w 2017-10-18  |y BK 
952 |0 0  |1 0  |2 ddc  |4 0  |6 546_000000000000000_V121_T_1  |7 0  |9 1710  |a 000001  |b 000001  |d 2017-10-18  |o 546 V121/T.1  |p MD.01427  |r 2017-10-18  |v 118000.00  |w 2017-10-18  |y BK 
980 |a Thư viện Trường Đại học Nam Cần Thơ